000 00285nam a22001337a 4500
008 170821b xxu||||| |||| 00| 0 eng d
020 _a0153536403
041 _aeng
080 _22ND
_a51
100 _a37
101 _aMAT
245 _aHBJ ALGEBRA 1
_cCOXFORD,A.F
942 _2udc
_cBK
999 _c24167
_d24167